Đang tải...
മാറുന്ന മലയാള സിനിമ: ഭാഷ, സംസ്കാരം, സമൂഹം
| Tác giả khác: | |
|---|---|
| Định dạng: | Printed Book |
| Được phát hành: |
Kottayam
NBS
2015
|
| Những chủ đề: |
| LEADER | 00579nam a22001457a 4500 | ||
|---|---|---|---|
| 020 | |a 978938572562 | ||
| 082 | |a M791.43 |b MAR | ||
| 245 | |a മാറുന്ന മലയാള സിനിമ: ഭാഷ, സംസ്കാരം, സമൂഹം | ||
| 260 | |a Kottayam |b NBS |c 2015 | ||
| 300 | |a 358p. | ||
| 650 | |a Marunna malayala cinema | ||
| 700 | |a Manuel, Jose K. | ||
| 942 | |c BK | ||
| 999 | |c 44139 |d 44139 | ||
| 952 | |0 0 |1 0 |4 0 |6 M_791_430000000000000_MAR |7 0 |8 Stack |9 48071 |a KUCL |b KUCL |c Stack |d 2017-08-11 |g 330.00 |l 2 |m 1 |o M791.43 MAR |p 44497 |r 2019-04-25 |s 2019-03-21 |w 2017-08-11 |y BK |z Kept for binding | ||